<?xml version="1.0" encoding="UTF-8"?>
<record
    xmlns:xsi="http://www.w3.org/2001/XMLSchema-instance"
    xsi:schemaLocation="http://www.loc.gov/MARC21/slim http://www.loc.gov/standards/marcxml/schema/MARC21slim.xsd"
    xmlns="http://www.loc.gov/MARC21/slim">

  <leader>00780nam a22002417a 4500</leader>
  <datafield tag="952" ind1=" " ind2=" ">
    <subfield code="a">0001</subfield>
    <subfield code="b">0001</subfield>
    <subfield code="d">2019-04-19</subfield>
    <subfield code="l">0</subfield>
    <subfield code="o">950.12 O74t 2018</subfield>
    <subfield code="p">003823</subfield>
    <subfield code="r">2019-04-19 00:00:00</subfield>
    <subfield code="w">2019-04-19</subfield>
    <subfield code="y">BKS</subfield>
  </datafield>
  <datafield tag="999" ind1=" " ind2=" ">
    <subfield code="c">13185</subfield>
    <subfield code="d">13185</subfield>
  </datafield>
  <controlfield tag="003">MIRAKIL</controlfield>
  <controlfield tag="005">20190419120734.0</controlfield>
  <controlfield tag="008">190419b        tu ||||| |||| 00| 0 tur d</controlfield>
  <datafield tag="020" ind1=" " ind2=" ">
    <subfield code="a">9786052953174</subfield>
  </datafield>
  <datafield tag="040" ind1=" " ind2=" ">
    <subfield code="a">TR-AnCHP</subfield>
    <subfield code="c">TR-AnCHP</subfield>
  </datafield>
  <datafield tag="041" ind1=" " ind2=" ">
    <subfield code="a">tur</subfield>
  </datafield>
  <datafield tag="082" ind1=" " ind2=" ">
    <subfield code="a">950.12</subfield>
    <subfield code="b">O74t 2018</subfield>
  </datafield>
  <datafield tag="100" ind1=" " ind2=" ">
    <subfield code="a">Otkan, Pulat</subfield>
  </datafield>
  <datafield tag="245" ind1="1" ind2="0">
    <subfield code="a">Tarih&#xE7;inin kay&#x131;tlar&#x131;'na ( Shi Ji) g&#xF6;re Hunlar /</subfield>
    <subfield code="b">Pulat Otkan.</subfield>
  </datafield>
  <datafield tag="250" ind1=" " ind2=" ">
    <subfield code="a">2. bs.</subfield>
  </datafield>
  <datafield tag="260" ind1=" " ind2=" ">
    <subfield code="a">&#x130;stanbul : </subfield>
    <subfield code="b"> T&#xFC;rkiye &#x130;&#x15F; Bankas&#x131; K&#xFC;lt&#xFC;r Yay&#x131;nlar&#x131;,</subfield>
    <subfield code="c">2018.</subfield>
  </datafield>
  <datafield tag="300" ind1=" " ind2=" ">
    <subfield code="a">v&#x131;&#x131;&#x131;, 172 s.:</subfield>
    <subfield code="b">tbl.;</subfield>
    <subfield code="c">23 sm.</subfield>
  </datafield>
  <datafield tag="490" ind1="0" ind2=" ">
    <subfield code="a"> T&#xFC;rkiye &#x130;&#x15F; Bankas&#x131; K&#xFC;lt&#xFC;r Yay&#x131;nlar&#x131;;</subfield>
    <subfield code="v">Genel yay&#x131;n : 4057.</subfield>
  </datafield>
  <datafield tag="504" ind1=" " ind2=" ">
    <subfield code="a">Kaynak&#xE7;a ve dizin vard&#x131;r.</subfield>
  </datafield>
  <datafield tag="650" ind1=" " ind2="0">
    <subfield code="9">5654</subfield>
    <subfield code="a">Hun &#x130;mparatorlu&#x11F;u</subfield>
    <subfield code="x">Tarih</subfield>
  </datafield>
  <datafield tag="650" ind1=" " ind2="0">
    <subfield code="9">5655</subfield>
    <subfield code="a">Hunlar </subfield>
    <subfield code="x">Tarih</subfield>
  </datafield>
  <datafield tag="942" ind1=" " ind2=" ">
    <subfield code="2">ddc</subfield>
    <subfield code="c">BKS</subfield>
  </datafield>
</record>
